Tantraraja Tantra (Record no. 5647)

MARC details
000 -LEADER
fixed length control field 00310nam a2200121Ia 4500
008 - FIXED-LENGTH DATA ELEMENTS--GENERAL INFORMATION
fixed length control field 150201s1998 xx 000 0 und d
082 ## - DEWEY DECIMAL CLASSIFICATION NUMBER
Classification number 200
Item number AVO
100 ## - MAIN ENTRY--PERSONAL NAME
Personal name Avalon,A
245 ## - TITLE STATEMENT
Title Tantraraja Tantra
260 ## - PUBLICATION, DISTRIBUTION, ETC. (IMPRINT)
Name of publisher, distributor, etc. Motilal Banarsidass Publishers Pvt. Ltd.
Place of publication, distribution, etc. New Delhi
Date of publication, distribution, etc. 1998
300 ## - PHYSICAL DESCRIPTION
Extent 740p.
942 ## - ADDED ENTRY ELEMENTS (KOHA)
Source of classification or shelving scheme Dewey Decimal Classification
Koha item type Books
Holdings
Withdrawn status Lost status Source of classification or shelving scheme Damaged status Not for loan Home library Current library Date acquired SGTU Full call number Barcode Date last seen Bill Date Koha item type
weeded-out   Dewey Decimal Classification     SGT Engineering Library SGT Engineering Library 17/09/2013 SGTU 200 AVO FE6204 09/02/2015 09/02/2015 Books